000 00518nam a2200205Ia 4500
001 1422
003 GE_BSU
008 181216s||||||||xx |||||||||||||| ||und||
040 _cGE_BSU
080 _a634
100 _aДумбадзе Н.М.
245 _aКультура мандарина в Аджарии.
260 _aБатуми
260 _bСабчота Аджара
260 _c1982
300 _a124 с. 15 см.
541 _h3 л.
653 _aКультура мандарина
942 _cBK
999 _c35561
_d35561